000 01224cam a2200229 4500
001 ##L127978
002 ##8143
008 041116n2004 000 0 eng u
020 _a1903202345
035 _a(Sirsi) u127978
041 0 _aeng
050 0 4 _a331.2166 $2 18
110 2 _aMirza and Nacey Research
_91403
245 0 0 _aQuantity surveyor's fees
_ba survey of the fees charged by professional quantity surveying practices
250 _a4th ed.
260 _aArundel
_bMirza and Nacey
_c2004
300 _a43p.
_c30cm.
350 _a135
520 _aThe information in this publication is based on a survey of professional quantity surveying practices undertaken over the 24 month period ending in July 2004. Divided into four sections, section one examines the survey background and includes definitions and the survey methodology and respondent profile. Section two discusses quantity surveyor charge our rates, with section three discussing fees including contractual and regional variations. Section four contains detailed analysis of the fees data including: private housing; leisure; offices; industrial; retail; and public and community projects.
690 _aQuantity surveying
_96263
942 _n0
999 _c103844
_d103844